Quiz do Quênia - Statistics

Estatísticas Gerais
  • Esse quiz foi jogado 742 vezes
  • A pontuação média é 11 de 19
Estatísticas das Respostas
Dica Resposta % Correto
País europeu que colonizou o Quênia Reino Unido
91%
Línguas oficiais Inglês
90%
Capital Nairóbi
87%
Países fazendo fronteira com o Quênia Tanzânia
87%
Países fazendo fronteira com o Quênia Etiópia
85%
Países fazendo fronteira com o Quênia Somália
85%
Países fazendo fronteira com o Quênia Uganda
81%
Países fazendo fronteira com o Quênia Sudão do Sul
75%
Evento olímpico cujo recorde mundialé detido por Eliud Kipchoge Maratona
61%
Maior lago que faz fronteira com o Quênia Lago Vitória
60%
O Quênia produz a maior quantidade dessas folhas com a exceção da China e Índia Chá
47%
Maior montanha Monte Quênia
46%
O que matou 28-31 pessoas queconstruiam uma ferrovia no rio Tsavo em 1898? Leões
45%
Línguas oficiais Suaíli
43%
Pessoas vão para Masai Mara para ver a migração anual desses mamíferos Gnu
30%
Segunda maior cidade Mombaça
28%
Moeda oficial Xelim
28%
Vale que passa pelo Quênia Vale do {Rift}
23%
Nome da revolta contra o país acima Revolta dos {Mau}-{Mau}
19%
Nenhum quiz correspondente encontrado
Distribuição das Pontuações
Porcentagem de Pessoas com Cada Pontuação
Percentil de Números Respondidos
Sua Pontuação Histórica
Você não jogou esse quiz